El ejército traicionado (Record no. 71678)

MARC details
000 -LEADER
campo de control de longitud fija 00545nam a2200169 i 4500
001 - NÚMERO DE CONTROL
campo de control 71678
003 - IDENTIFICADOR DE NÚMERO DE CONTROL
campo de control ES-MaACL
005 - FECHA Y HORA DE LA ÚLTIMA TRANSACCIÓN
campo de control 20230906171210.0
007 - CAMPO FIJO DE DESCRIPCIÓN FÍSICA--INFORMACIÓN GENERAL
campo de control de longitud fija t|
008 - DATOS DE LONGITUD FIJA--INFORMACIÓN GENERAL
campo de control de longitud fija 040817s1960 sp ||||1| spa d
100 1# - ENTRADA PRINCIPAL--NOMBRE DE PERSONA
Nombre de persona Gerlach, Heinrich.
9 (RLIN) 56456
245 13 - MENCIÓN DEL TÍTULO
Título El ejército traicionado
Resto del título : Stalingrado, 1942-1943 /
Mención de responsabilidad, etc. Heinrich Gerlach ; [traducción de Manuel Entenza].
260 ## - PUBLICACIÓN, DISTRIBUCIÓN, ETC.
Lugar de publicación, distribución, etc. Barcelona :
Nombre del editor, distribuidor, etc. Noguer,
Fecha de publicación, distribución, etc. [1960] (
Fabricante Núñez)
300 ## - DESCRIPCIÓN FÍSICA
Extensión 560 p. :
Otras características físicas gráf. ;
Dimensiones 22 cm.
700 1# - ENTRADA AGREGADA--NOMBRE PERSONAL
Nombre de persona Entenza, Manuel.
9 (RLIN) 47304
852 ## - LOCALIZACIÓN
Ubicación ES-MaACL
Número de control de estantería C-17989
Sublocalización o colección R.46056
Holdings
Estatus retirado Estado de pérdida Estado de daño No para préstamo Biblioteca de origen Biblioteca actual Ubicación en estantería Fecha de adquisición Fuente de adquisición Total de préstamos Signatura topográfica completa Código de barras Visto por última vez Precio de reemplazo Tipo de ítem Koha
        Biblioteca del Ateneo de Madrid Biblioteca del Ateneo de Madrid Galería 17/01/2008     C-17989 1075040 23/02/2023 23/02/2023 Libro impreso